Retrato del artista : obras de Tennessee Williams

保存先:
書誌詳細
第一著者: Hirsch, Foster
フォーマット: 図書
言語:Undetermined
出版事項: México, Distrito Federal Noema 1981
主題:
タグ: タグ追加
タグなし, このレコードへの初めてのタグを付けませんか!

MARC

LEADER 00000nam a2200000Ia 4500
008 170316s9999 xx 000 0 und d
040 |a cru BVZT 
090 |a 810 H-21r 
100 |a Hirsch, Foster 
245 |a Retrato del artista : obras de Tennessee Williams 
260 |a México, Distrito Federal 
260 |b Noema 
260 |c 1981 
300 |a 134 páginas 
650 |a LITERATURA ESTADOUNIDENSE 
650 |a TENNESSEE WILLIAMS 
999 |c 5738  |d 5738 
942 |c 15 D  |h 810 H-21r  |2 z